000 00630nas a2200229 4500
001 BR9506267
003 BR-BrBNA
005 20231205094448.0
007 ta
008 230509b bl.|||p| |||| 00| 00por d
040 _aBR-BrBNA
_bpor
_cBiblioteca Nacional de Agricultura
041 _a(Pt)
072 _aL72
100 1 _aVieira, H.
245 1 _aAs sarnas do coelho
650 _aCoelho
650 _aSarna
650 _aProfilaxia
773 0 _tBoletim Mensal Informativo do Servico Genealogico (Brazil)
_x
_g(Nov-Dec 1968), no. 6 p. 3-4
_wBR9506267
909 _a202311
_bLúcia
_c55
_dLúcia Elande
942 _2AGRIS
_n0
_cANA
999 _c144490
_d144490